Normal view MARC view

Entry Personal Name

Number of records used in: 1

001 - CONTROL NUMBER

  • control field: 202967

003 - CONTROL NUMBER IDENTIFIER

  • control field: OSt

005 - DATE AND TIME OF LATEST TRANSACTION

  • control field: 20220924131820.0

008 - FIXED-LENGTH DATA ELEMENTS

  • fixed length control field: 220924|| aca||aabn | a|a d

040 ## - CATALOGING SOURCE

  • Original cataloging agency: OSt
  • Transcribing agency: OSt

100 ## - HEADING--PERSONAL NAME

  • Personal name: Muppala Ranganayakamma Au

670 ## - SOURCE DATA FOUND

  • Source citation: Work cat.: (OSt)428304: Muppala Ranganayakamma Au. , Peka Medalu, 1962
Copyright @ Delhi University Library System